Piłkarska kariera Erica Cantony. - Statystyki

Ogólne statystyki
  • Ten quiz został rozwiązany 50 razy
  • Średni wynik to 2 z 8
Statystyki odpowiedzi
Lata Drużyna % Poprawnych
1992-1997 Manchester United
100%
1992-1992 Leeds
41%
1988-1991 Olympique Marsylia
41%
1989-1989 Bordeaux
27%
1983-1988 Auxerre
15%
1989-1990 Montpellier
10%
1991-1992 Nimes
10%
1985-1986 Martigues
5%
Nie znaleziono quizów pasujących do podanych kryteriów
Rozkład punktacji
Procent ludzi z każdym wynikiem
Percentyl według liczby udzielonych odpowiedzi
Twoja historia wyników
Nie rozwiązałeś tego quizu